| 000 | 01129nam a2200289Ia 4500 | ||
|---|---|---|---|
| 003 | GCL | ||
| 005 | 20240530095201.0 | ||
| 008 | 140319s9999 xx 000 0 ara d | ||
| 020 | _a43190006977 | ||
| 040 |
_aGCL / _cGCL |
||
| 082 | 0 | 4 |
_a929.7 _bق/ى ت |
| 100 | 1 | _aعبدالرازق عبدالرازق عيسى | |
| 245 | 1 | 0 |
_aتحفة الاحباب بمن ملك مصر الملوك والنواب : _bوبالكتاب ذيل تحفة الاحباب لمرتضى بيك الكردى الدمشقى / _cعبدالرازق عبدالرازق عيسى |
| 250 | _aالاولى | ||
| 260 |
_aالقاهرة : _bالعربى للنشر والتوزيع ، _c2000 |
||
| 300 |
_a400 ص ؛ _c24 سم |
||
| 490 |
_aالمكتبة التاريخية _v0 |
||
| 650 | 0 | 4 | _aالملوك والحكام |
| 650 | 0 | 4 | _aالسلاطين |
| 650 | 0 | 4 | _aالخلفاء |
| 650 | 0 | 4 | _aمصر - تاريخ |
| 650 | 0 | 4 | _aمصر - الملوك والحكام |
| 650 | 0 | 4 | _aالوصايا على العرش |
| 700 | 1 | _aعماد احمد هلال | |
| 700 | 1 | _aيوسف الملوانى، يوسف الحلوانى | |
| 942 |
_2ddc _cBK |
||
| 999 |
_c4712 _d4712 |
||